Loading...
Fine Arts - Classical Music | 4 | 7.50 | 75% | 0% | 0% |
Fine Arts - Other Fine Arts | 3 | 6.67 | 67% | 0% | 0% |
Fine Arts - Visual Fine Arts | 2 | 15.00 | 50% | 100% | 0% |
Geography/Current Events | 1 | 10.00 | 100% | 0% | 0% |
History - American History | 2 | 15.00 | 100% | 50% | 0% |
History - European History | 5 | 12.00 | 100% | 20% | 0% |
History - Other History | 5 | 10.00 | 100% | 0% | 0% |
History - World History | 3 | 10.00 | 67% | 33% | 0% |
Literature - American Literature | 2 | 10.00 | 100% | 0% | 0% |
Literature - British Literature | 2 | 5.00 | 50% | 0% | 0% |
Literature - European Literature | 3 | 6.67 | 0% | 67% | 0% |
Literature - World/Other Literature | 3 | 10.00 | 100% | 0% | 0% |
Mythology | 4 | 15.00 | 100% | 25% | 25% |
Other Academic | 1 | 10.00 | 100% | 0% | 0% |
Philosophy | 2 | 10.00 | 50% | 50% | 0% |
Pop Culture | 1 | 10.00 | 100% | 0% | 0% |
Religion | 3 | 6.67 | 67% | 0% | 0% |
Science - Biology | 3 | 10.00 | 100% | 0% | 0% |
Science - Chemistry | 2 | 15.00 | 100% | 50% | 0% |
Science - Other Science | 2 | 15.00 | 100% | 50% | 0% |
Science - Physics | 1 | 10.00 | 0% | 100% | 0% |
Social Science | 3 | 10.00 | 100% | 0% | 0% |
World/Other Literature> | 1 | 10.00 | 100% | 0% | 0% |